[Event "French Top 12 2013"]
[Site "Haguenau FRA"]
[Date "2013.06.01"]
[Round "3.3"]
[White "Fedorchuk, Sergey A."]
[Black "Buhmann, Rainer"]
[Result "1/2-1/2"]
[WhiteTitle "GM"]
[BlackTitle "GM"]
[WhiteElo "2660"]
[BlackElo "2578"]
[WhiteTeam "Evry Grand Roque"]
[BlackTeam "Bischwiller"]
[WhiteFideId "14102536"]
[BlackFideId "4651340"]
[EventDate "2013.05.30"]

1. e4 e5 2. Nf3 Nc6 3. Bb5 Nf6 4. d3 Bc5 5. c3 O-O 6. O-O Re8 7. Re1 a6 8. Ba4
b5 9. Bb3 d6 10. Nbd2 Be6 11. Nf1 Bxb3 12. axb3 d5 13. Qc2 Qd7 14. Ng3 h6 15. h3
dxe4 16. dxe4 Qe6 17. Nh4 a5 18. Nhf5 Bf8 19. Nf1 Red8 20. Be3 Ne7 21. N5g3 Ng6
22. Red1 Rxd1 23. Rxd1 Qc6 24. Ra1 a4 25. bxa4 Rxa4 26. Rxa4 bxa4 27. Nd2 a3 28.
bxa3 1/2-1/2

[Event "French Top 12 2013"]
[Site "Haguenau FRA"]
[Date "2013.06.01"]
[Round "3.4"]
[White "Marcelin, Cyril"]
[Black "Relange, Eloi"]
[Result "1/2-1/2"]
[WhiteTitle "GM"]
[BlackTitle "GM"]
[WhiteElo "2488"]
[BlackElo "2470"]
[WhiteTeam "Bischwiller"]
[BlackTeam "Evry Grand Roque"]
[WhiteFideId "607274"]
[BlackFideId "600822"]
[EventDate "2013.05.30"]

1. d4 Nf6 2. c4 g6 3. Nc3 Bg7 4. e4 d6 5. Nf3 O-O 6. h3 e5 7. dxe5 dxe5 8. Be3
c6 9. c5 Nbd7 10. b4 b6 11. cxb6 axb6 12. a4 Qe7 1/2-1/2

[Event "French Top 12 2013"]
[Site "Haguenau FRA"]
[Date "2013.06.01"]
[Round "3.6"]
[White "Netzer, Jean"]
[Black "Moussard, Jules"]
[Result "0-1"]
[WhiteTitle "IM"]
[BlackTitle "IM"]
[WhiteElo "2406"]
[BlackElo "2437"]
[WhiteTeam "Bischwiller"]
[BlackTeam "Evry Grand Roque"]
[WhiteFideId "623350"]
[BlackFideId "642908"]
[EventDate "2013.05.30"]

1. d4 Nf6 2. Nf3 g6 3. Bg5 Bg7 4. Nbd2 d5 5. c3 O-O 6. h3 Nbd7 7. e3 Re8 8. Bf4
b6 9. Bb5 Bb7 10. O-O a6 11. Ba4 c5 12. Re1 Rc8 13. Ne5 b5 14. Bc2 Ne4 15. Nxd7
Qxd7 16. Nb3 c4 17. Bxe4 dxe4 18. Nc5 Rxc5 19. dxc5 Qc8 20. a4 Rd8 21. Qe2 Qxc5
22. axb5 axb5 23. Red1 Rd3 24. Bb8 Qd5 25. Kf1 b4 26. Qc2 bxc3 27. bxc3 Bxc3 28.
Rab1 Bf6 29. Ba7 c3 30. Kg1 Bc6 31. Bb6 Qc4 32. Ra1 h5 33. Ba5 Kh7 34. Rdc1 Qb5
35. Qa2 e6 36. Rab1 Qa6 37. Rb6 Qa8 38. Qa3 c2 0-1

[Event "French Top 12 2013"]
[Site "Haguenau FRA"]
[Date "2013.06.01"]
[Round "3.7"]
[White "Sochacki, Christophe"]
[Black "Bellahcene, Bilel"]
[Result "1/2-1/2"]
[WhiteTitle "IM"]
[BlackTitle "FM"]
[WhiteElo "2414"]
[BlackElo "2355"]
[WhiteTeam "Evry Grand Roque"]
[BlackTeam "Bischwiller"]
[WhiteFideId "662569"]
[BlackFideId "696358"]
[EventDate "2013.05.30"]

1. e4 e6 2. d4 d5 3. Nc3 Bb4 4. e5 c5 5. a3 Bxc3+ 6. bxc3 Ne7 7. Qg4 Qc7 8. Bd3
cxd4 9. Ne2 dxc3 10. Qxg7 Rg8 11. Qxh7 Qxe5 12. Bf4 Qf6 13. h4 Rxg2 14. Bg3 e5
15. Kf1 Rxg3 16. Nxg3 Bg4 17. Bb5+ Nbc6 18. Bxc6+ bxc6 19. Rb1 e4 20. Nh5 Qf3
21. Qh8+ Kd7 22. Rb7+ Ke6 23. Rxe7+ Kxe7 24. Qe5+ Be6 25. Qc7+ Bd7 26. Qe5+ Be6
27. Qc7+ Bd7 28. Qe5+ Be6 1/2-1/2

[Event "French Top 12 2013"]
[Site "Haguenau FRA"]
[Date "2013.06.01"]
[Round "3.1"]
[White "Swiercz, Dariusz"]
[Black "Postny, Evgeny"]
[Result "1-0"]
[WhiteTitle "GM"]
[BlackTitle "GM"]
[WhiteElo "2631"]
[BlackElo "2637"]
[WhiteTeam "C.E. de Rueil Malmaison"]
[BlackTeam "Club d'Echecs Metz Fischer"]
[WhiteFideId "1126881"]
[BlackFideId "2804344"]
[EventDate "2013.05.30"]

1. e4 e5 2. Nf3 Nc6 3. Bb5 Nf6 4. d3 d6 5. O-O Bd7 6. c4 a6 7. Ba4 Be7 8. Nc3
O-O 9. h3 h6 10. Be3 Nh7 11. Bxc6 bxc6 12. d4 exd4 13. Nxd4 c5 14. Nf5 Bxf5 15.
exf5 Bf6 16. Qd3 Bxc3 17. Qxc3 Re8 18. Rfe1 Re5 19. g4 Qf6 20. Bd2 Rae8 21. Rxe5
Rxe5 22. Re1 Rxe1+ 23. Bxe1 Qe7 24. Qe3 Kf8 25. Kg2 c6 26. Qxe7+ Kxe7 27. Bc3 f6
28. f4 d5 29. b3 Nf8 30. Kf3 Nd7 31. Ba5 Kd6 32. Kg3 Ke7 33. Bc7 Nf8 34. Kh4 Nd7
35. Kg3 Nf8 36. Kf3 Kd7 37. Bb6 Kd6 38. Ke3 Nd7 39. Bd8 Nf8 40. Kd3 Kd7 41. Bb6
Kd6 42. h4 g5 43. Ke3 Nh7 44. Kf3 Nf8 45. Bd8 Nh7 46. Ba5 Nf8 47. Bd2 Nh7 48.
Be3 d4 49. Bd2 Kc7 50. Ke4 Kd6 51. Be1 Nf8 52. Ba5 Nh7 53. Bd2 Kd7 54. a3 Kd6
55. Ba5 Nf8 56. Bd8 Nh7 57. Kf3 gxh4 58. Kg2 Kd7 59. Bb6 d3 60. Ba5 Ke7 61. Kh3
h5 62. gxh5 Kf7 63. Kxh4 Kg7 64. Kg4 Kh6 65. Bc3 Nf8 66. Kf3 Nd7 67. Ke4 Kxh5
68. Kxd3 Kh6 69. Ba5 Kg7 70. Bc7 Kf7 71. Bd6 Ke8 72. Kc3 Kd8 73. b4 cxb4+ 74.
Kxb4 Kc8 75. c5 a5+ 76. Kxa5 Kb7 77. Be7 Ka7 78. Kb4 Kb7 79. a4 Ka6 80. Bd8 Kb7
81. Kc4 Ka6 82. Kd4 Kb7 83. Ba5 Kc8 84. Bc3 Kd8 85. Kc4 Kc8 86. Bd4 Kc7 87. Kd3
Kb7 88. Ke4 Kc7 89. Kf3 Kb7 90. Kg4 Ka6 91. Bc3 Kb7 92. Kh5 Nxc5 93. Bxf6 Nxa4
94. Bd4 c5 95. f6 1-0

[Event "French Top 12 2013"]
[Site "Haguenau FRA"]
[Date "2013.06.01"]
[Round "3.3"]
[White "Baron, Tal"]
[Black "Svetushkin, Dmitry"]
[Result "1/2-1/2"]
[WhiteTitle "GM"]
[BlackTitle "GM"]
[WhiteElo "2467"]
[BlackElo "2588"]
[WhiteTeam "C.E. de Rueil Malmaison"]
[BlackTeam "Club d'Echecs Metz Fischer"]
[WhiteFideId "2809958"]
[BlackFideId "13900463"]
[EventDate "2013.05.30"]

1. e4 e5 2. Nf3 Nc6 3. Bb5 Nf6 4. O-O Nxe4 5. d4 Nd6 6. Bxc6 dxc6 7. dxe5 Nf5 8.
Qxd8+ Kxd8 9. Nc3 Bd7 10. h3 h6 11. b3 c5 12. Nd5 c6 13. Nf4 g5 14. Bb2 gxf4 15.
e6 Bg7 16. Bxg7 Nxg7 17. exd7 Kxd7 18. Rfe1 Ne6 19. Re4 Kc7 20. Rae1 a5 21. a4
Rhg8 22. Re5 Rad8 23. Rf5 Rg7 24. Kf1 Rd5 25. Rf6 h5 26. Ne5 Nd4 27. c4 Rd6 28.
Rxf7+ Rxf7 29. Nxf7 Re6 30. Rb1 Re2 31. Ng5 Rc2 32. Ne4 b6 33. h4 f3 34. gxf3
Nxf3 35. Rd1 Rb2 36. Nf6 Rxb3 37. Nxh5 Nxh4 38. Ng7 b5 39. Ne6+ Kb6 40. cxb5 Nf5
41. bxc6 Kxc6 42. Rc1 c4 43. Rxc4+ Kd5 44. Rc5+ Kxe6 45. Rxa5 Ra3 46. Kg2 Nh4+
47. Kf1 Ng6 48. Ke2 Nf4+ 49. Kd2 Nd5 50. f4 Nxf4 51. Rb5 Rxa4 52. Kc3 Nd5+ 53.
Kb3 Rh4 54. Rb8 Ke5 55. Ra8 Rh3+ 56. Kc2 Nb4+ 57. Kd2 Kd4 58. Rd8+ Nd5 59. Ke2
Re3+ 60. Kd2 Re7 61. Kd1 Rf7 62. Ke2 Rf5 63. Rd6 Rf8 64. Rd7 Ke4 65. Ra7 Nf4+
66. Kd2 Rd8+ 67. Kc2 Nd5 68. Ra4+ Ke3 69. Rh4 Rc8+ 70. Kb3 Rb8+ 71. Kc2 Nf4 72.
Kc3 Nd5+ 73. Kc2 Rc8+ 74. Kb3 Kd3 75. Rh3+ Ne3 76. Kb4 1/2-1/2

[Event "French Top 12 2013"]
[Site "Haguenau FRA"]
[Date "2013.06.01"]
[Round "3.4"]
[White "Koch, Jean-Rene"]
[Black "Renet, Olivier"]
[Result "1/2-1/2"]
[WhiteTitle "IM"]
[BlackTitle "GM"]
[WhiteElo "2473"]
[BlackElo "2469"]
[WhiteTeam "Club d'Echecs Metz Fischer"]
[BlackTeam "C.E. de Rueil Malmaison"]
[WhiteFideId "600148"]
[BlackFideId "600040"]
[EventDate "2013.05.30"]

1. c4 e5 2. g3 Nf6 3. Bg2 Nc6 4. Nc3 Bc5 5. e3 d5 6. Nxd5 Nxd5 7. cxd5 Nb4 8.
Qb3 c6 9. Ne2 Nxd5 10. Bxd5 Qxd5 11. Qxd5 cxd5 12. d4 Bd6 13. dxe5 Bxe5 14. Nd4
h5 15. h4 Bg4 16. Bd2 Bxd4 17. exd4 Kd7 18. O-O Bf3 19. Rfe1 Rhe8 20. Rac1 f6
21. Rc3 Rxe1+ 22. Bxe1 Re8 23. Re3 Re4 24. Kf1 Bg4 1/2-1/2

[Event "French Top 12 2013"]
[Site "Haguenau FRA"]
[Date "2013.06.01"]
[Round "3.5"]
[White "Song, Julien"]
[Black "Terrieux, Kevin"]
[Result "1/2-1/2"]
[WhiteTitle "FM"]
[BlackTitle "IM"]
[WhiteElo "2417"]
[BlackElo "2427"]
[WhiteTeam "C.E. de Rueil Malmaison"]
[BlackTeam "Club d'Echecs Metz Fischer"]
[WhiteFideId "659487"]
[BlackFideId "622591"]
[EventDate "2013.05.30"]

1. Nf3 Nf6 2. g3 b6 3. Bg2 Bb7 4. O-O g6 5. b3 Bg7 6. Bb2 O-O 7. c4 c5 8. e3 d5
9. Qe2 dxc4 10. bxc4 Nc6 11. Rd1 Qc7 12. Nc3 Rac8 13. Rac1 Qb8 14. d3 Rfd8 15.
Bh3 e6 16. Ne1 Qa8 17. f4 Rc7 18. Nb5 Re7 19. e4 a6 20. e5 Ne8 21. Na3 Red7 22.
Nac2 b5 23. Bg2 Bf8 24. Nf3 bxc4 25. dxc4 Nb4 26. Rxd7 Rxd7 27. a3 Nd3 28. Rd1
Qd8 29. Ne3 Nxb2 30. Rxd7 Qxd7 31. Qxb2 Bxf3 32. Bxf3 Qd4 33. Qxd4 cxd4 34. Nc2
a5 35. Be4 f5 36. Bd3 Nc7 37. Kf1 Bc5 38. a4 Na6 39. Na1 Bb6 40. Nb3 Nc5 41.
Nxc5 Bxc5 1/2-1/2

[Event "French Top 12 2013"]
[Site "Haguenau FRA"]
[Date "2013.06.01"]
[Round "3.6"]
[White "Wirig, Anthony"]
[Black "Houriez, Clement"]
[Result "1-0"]
[WhiteTitle "GM"]
[BlackTitle "FM"]
[WhiteElo "2498"]
[BlackElo "2285"]
[WhiteTeam "Club d'Echecs Metz Fischer"]
[BlackTeam "C.E. de Rueil Malmaison"]
[WhiteFideId "615013"]
[BlackFideId "649708"]
[EventDate "2013.05.30"]

1. d4 Nf6 2. c4 e6 3. Nc3 Bb4 4. Qc2 d6 5. Bg5 h6 6. Bh4 Nbd7 7. e3 Qe7 8. Ne2
g5 9. Bg3 Nh5 10. O-O-O Bxc3 11. Nxc3 Ndf6 12. e4 e5 13. dxe5 dxe5 14. Nd5 Nxd5
15. exd5 Bd7 16. Bd3 O-O-O 17. Rhe1 f6 18. c5 Kb8 19. b4 Bc8 20. Bc4 Nxg3 21.
hxg3 f5 22. Qc3 Rhe8 23. f3 e4 24. fxe4 fxe4 25. Re3 h5 26. Rde1 Bf5 27. Kb2 h4
28. Qd4 Rf8 29. Bb3 Qd7 30. Qc4 Bg6 31. R1e2 Qf7 32. Qc3 Qf5 33. Rd2 Qf1 34. Bc4
Qg1 35. Qd4 Rf2 36. gxh4 gxh4 37. Ree2 Rxe2 38. Qxg1 Rxd2+ 39. Kc3 e3 40. Qxe3
Rxg2 41. Qh6 Re8 42. b5 Rg3+ 43. Kb4 Re4 44. Qf8+ Be8 45. d6 Rd3 46. Qf6 a5+ 47.
Kxa5 b6+ 48. cxb6 cxb6+ 49. Kxb6 Rxc4 50. Qd8+ Rc8 51. Qe7 1-0

[Event "French Top 12 2013"]
[Site "Haguenau FRA"]
[Date "2013.06.01"]
[Round "3.8"]
[White "Leconte, Maria"]
[Black "Congiu, Mathilde"]
[Result "1-0"]
[WhiteTitle "WGM"]
[BlackTitle "WIM"]
[WhiteElo "2225"]
[BlackElo "2230"]
[WhiteTeam "Club d'Echecs Metz Fischer"]
[BlackTeam "C.E. de Rueil Malmaison"]
[WhiteFideId "618446"]
[BlackFideId "634581"]
[EventDate "2013.05.30"]

1. d4 Nf6 2. Nf3 e6 3. e3 b6 4. Bd3 Bb7 5. O-O d6 6. c4 Be7 7. Nc3 Nbd7 8. e4 e5
9. Re1 c6 10. b3 Qc7 11. Bb2 O-O 12. Rc1 Rfe8 13. d5 c5 14. Rc2 Nf8 15. g3 Ng6
16. h4 Bc8 17. Nh2 Nf8 18. f4 Qd7 19. f5 h6 20. g4 N6h7 21. Nf3 Qd8 22. Rh2 f6
23. Bc1 Bd7 24. Kh1 a6 25. Rg1 b5 26. Qf1 Qa5 27. Nd1 bxc4 28. bxc4 Reb8 29. g5
hxg5 30. hxg5 fxg5 31. Qh3 Bf6 32. Nxg5 Nxg5 33. Bxg5 Kf7 34. Qh5+ Ke7 35. Bh4
Kd8 36. Rxg7 Bxh4 37. Qxh4+ Kc7 38. Rg1 Qa3 39. Qg3 Ba4 40. Qg7+ Bd7 41. Qg3 Ba4
42. Nf2 Nd7 43. Ng4 Rg8 44. Qe3 Raf8 45. Qd2 Qb4 46. Qc1 Rh8 47. Nh6 Rh7 48. Rg6
Rf6 49. Ng4 Rff7 50. Rxh7 Rxh7+ 51. Kg2 Qb8 52. Bc2 Bxc2 53. Qxc2 Qb4 54. Qc1
Qa5 55. a3 Qb6 56. f6 Qb3 57. Nf2 Rf7 58. Qg5 Qb8 59. Rg7 Qf8 60. Ng4 Kb7 61.
Qg6 Rxg7 62. fxg7 1-0

[Event "French Top 12 2013"]
[Site "Haguenau FRA"]
[Date "2013.06.01"]
[Round "3.1"]
[White "Inkiov, Ventzislav"]
[Black "Salgado Lopez, Ivan"]
[Result "1/2-1/2"]
[WhiteTitle "GM"]
[BlackTitle "GM"]
[WhiteElo "2465"]
[BlackElo "2598"]
[WhiteTeam "Migne Echecs"]
[BlackTeam "L'Echiquier Chalonnais"]
[WhiteFideId "2900033"]
[BlackFideId "2257327"]
[EventDate "2013.05.30"]

1. d4 d6 2. e4 g6 3. Nc3 Bg7 4. Be3 a6 5. h4 b5 6. h5 Bb7 7. f3 Nd7 8. Qd2 c5 9.
Nge2 Rc8 10. dxc5 Nxc5 11. Nd4 Nf6 12. h6 Bf8 13. Nb3 Nxb3 14. axb3 e6 15. Qd4
Be7 16. g4 O-O 17. O-O-O Qc7 18. g5 Ne8 19. Kb1 Bc6 20. Bh3 Rd8 21. f4 Qb7 22.
Rhf1 b4 23. Nd5 exd5 24. f5 Bd7 25. Bg2 f6 26. e5 dxe5 27. Bxd5+ Kh8 28. gxf6
Bd6 29. fxg6 hxg6 30. Qe4 Bf5 31. Bxb7 Bxe4 32. Bxe4 Nxf6 33. Bxg6 Be7 34. Rxd8
Rxd8 35. Bg5 Rd6 36. Rf5 Nd5 37. Bxe7 Rxg6 38. Rxe5 Nxe7 39. Rxe7 Rxh6 40. c4
Kg8 41. Rb7 a5 42. Rb5 Ra6 43. Rf5 Kg7 44. Kc2 Kg6 45. Rf2 Rd6 46. Rd2 Rf6 47.
Rg2+ Kf7 48. Rg5 Rf2+ 49. Kb1 a4 50. bxa4 b3 51. Rg1 Ke6 52. Rd1 Rf4 53. c5 Rxa4
54. Rd3 Rc4 55. Rxb3 Kd5 56. Rb8 Kxc5 57. Ka2 Rb4 58. Rh8 Kb6 59. Ka3 Rg4 60. b4
Rg1 61. Rb8+ Ka7 62. Rb5 Ka6 63. Rc5 Kb6 64. Rh5 Ra1+ 65. Kb3 Rb1+ 66. Kc3 Rc1+
67. Kb2 Rg1 68. Kb3 Rb1+ 1/2-1/2

[Event "French Top 12 2013"]
[Site "Haguenau FRA"]
[Date "2013.06.01"]
[Round "3.2"]
[White "Edouard, Romain"]
[Black "Picard, Romain"]
[Result "1-0"]
[WhiteTitle "GM"]
[BlackTitle "IM"]
[WhiteElo "2659"]
[BlackElo "2342"]
[WhiteTeam "L'Echiquier Chalonnais"]
[BlackTeam "Migne Echecs"]
[WhiteFideId "633429"]
[BlackFideId "627216"]
[EventDate "2013.05.30"]

1. d4 Nf6 2. c4 g6 3. f3 d5 4. cxd5 c6 5. e4 cxd5 6. e5 Nh5 7. Nc3 Nc6 8. Bb5 e6
9. Nge2 Bd7 10. O-O Ng7 11. Bh6 Nf5 12. Bxf8 Kxf8 13. Bxc6 bxc6 14. Qd2 c5 15.
dxc5 Qc7 16. b4 Qxe5 17. Kh1 Kg7 18. f4 Qe3 19. Qd1 Nh4 20. Qd4+ Qxd4 21. Nxd4
Rhc8 22. Rfc1 Rab8 23. Rab1 g5 24. g3 Ng6 25. Nce2 e5 26. fxe5 Nxe5 27. b5 Bg4
28. c6 Bxe2 29. Nxe2 Nc4 30. a4 a6 31. Nd4 axb5 32. axb5 Kf6 33. Re1 h6 34. Re2
Na3 35. Rf1+ Kg6 36. Ref2 Rc7 37. Rf6+ Kg7 38. Rxf7+ Rxf7 39. Rxf7+ Kxf7 40. c7 1-0

[Event "French Top 12 2013"]
[Site "Haguenau FRA"]
[Date "2013.06.01"]
[Round "3.3"]
[White "Bedouin, Xavier"]
[Black "Krasenkow, Michal"]
[Result "1/2-1/2"]
[WhiteTitle "IM"]
[BlackTitle "GM"]
[WhiteElo "2387"]
[BlackElo "2642"]
[WhiteTeam "Migne Echecs"]
[BlackTeam "L'Echiquier Chalonnais"]
[WhiteFideId "617040"]
[BlackFideId "1113100"]
[EventDate "2013.05.30"]

1. e4 g6 2. d4 Bg7 3. Nf3 d6 4. c3 Bg4 5. Nbd2 Nd7 6. h3 Bxf3 7. Nxf3 e6 8. Qb3
Qc8 9. Bd3 Ngf6 10. O-O O-O 11. Re1 c5 12. Bf4 d5 13. exd5 Nxd5 14. Bg3 N7b6 15.
c4 Nb4 16. Be4 Na6 17. d5 f5 18. Bc2 exd5 19. cxd5 c4 20. Qa3 Nxd5 21. Rad1 Nab4
22. Bb1 Re8 23. Be5 Bf8 24. Qa4 Qc5 25. Bd4 Qc6 26. Qxc6 Rxe1+ 27. Nxe1 Nxc6 28.
Bxa7 Ndb4 29. Be3 Nxa2 30. g4 fxg4 31. hxg4 Bg7 32. Rd7 Nab4 33. Nc2 b5 34. Nxb4
Nxb4 35. Kg2 Bxb2 36. Rb7 Nd5 37. Rxb5 Nxe3+ 38. fxe3 c3 39. Rc5 Ra7 40. Kf3 Rd7 1/2-1/2

[Event "French Top 12 2013"]
[Site "Haguenau FRA"]
[Date "2013.06.01"]
[Round "3.4"]
[White "Sokolov, Ivan"]
[Black "Pel, Bonno"]
[Result "1-0"]
[WhiteTitle "GM"]
[BlackTitle "FM"]
[WhiteElo "2642"]
[BlackElo "2280"]
[WhiteTeam "L'Echiquier Chalonnais"]
[BlackTeam "Migne Echecs"]
[WhiteFideId "14400030"]
[BlackFideId "1004760"]
[EventDate "2013.05.30"]

1. d4 d6 2. c4 g6 3. Nc3 Bg7 4. e4 e5 5. dxe5 dxe5 6. Qxd8+ Kxd8 7. f4 Nc6 8.
Nf3 Nd4 9. Bd3 Nxf3+ 10. gxf3 Be6 11. h4 exf4 12. Bxf4 Nf6 13. O-O-O Nh5 14. Bd2
Be5 15. Ne2 Kc8 16. f4 Rd8 17. Kc2 Bg7 18. f5 Bd7 19. c5 Ba4+ 20. b3 Rxd3 21.
Kxd3 Bb5+ 22. Ke3 Bxe2 23. Kxe2 Ng3+ 24. Kf3 Nxh1 25. Bg5 f6 26. Be3 Ng3 27.
Kxg3 c6 28. fxg6 hxg6 29. Kf3 b6 30. Rg1 g5 31. hxg5 Kd7 32. g6 Ke6 33. Rc1 b5
34. Rd1 Bf8 35. Kg4 Be7 36. g7 Rg8 37. Bh6 a5 38. Kh5 Kf7 39. Rd7 Re8 40. Rc7 1-0

[Event "French Top 12 2013"]
[Site "Haguenau FRA"]
[Date "2013.06.01"]
[Round "3.5"]
[White "Saada, Julien"]
[Black "David, Alberto"]
[Result "1/2-1/2"]
[WhiteTitle "FM"]
[BlackTitle "GM"]
[WhiteElo "2323"]
[BlackElo "2584"]
[WhiteTeam "Migne Echecs"]
[BlackTeam "L'Echiquier Chalonnais"]
[WhiteFideId "625388"]
[BlackFideId "4000013"]
[EventDate "2013.05.30"]

1. d4 e6 2. c3 c5 3. Nf3 Nc6 4. e3 d5 5. Nbd2 Nf6 6. Bd3 Qc7 7. O-O Be7 8. Qe2
b6 9. dxc5 bxc5 10. e4 Bb7 11. Re1 h6 12. Bb5 dxe4 13. Nxe4 O-O 14. Nxf6+ Bxf6
15. Bd3 Rfd8 16. Bc2 Ne7 17. Ne5 Bxe5 18. Qxe5 Qxe5 19. Rxe5 Bd5 20. Re1 a5 21.
Bf4 a4 22. b3 Bb7 23. c4 Nc6 24. Be4 Rd7 25. Bxc6 Bxc6 26. Be3 Rb7 27. Bxc5 axb3
28. axb3 Rxa1 29. Rxa1 Rxb3 30. Be3 Rc3 31. Rc1 Rxc1+ 1/2-1/2

[Event "French Top 12 2013"]
[Site "Haguenau FRA"]
[Date "2013.06.01"]
[Round "3.6"]
[White "Dourerassou, Jonathan"]
[Black "Picard, Clement"]
[Result "1-0"]
[WhiteTitle "IM"]
[WhiteElo "2464"]
[BlackElo "2170"]
[WhiteTeam "L'Echiquier Chalonnais"]
[BlackTeam "Migne Echecs"]
[WhiteFideId "628050"]
[BlackFideId "615455"]
[EventDate "2013.05.30"]

1. e4 e6 2. d4 d5 3. Nc3 Bb4 4. Ne2 dxe4 5. a3 Be7 6. Nxe4 Nf6 7. Qd3 Bd7 8.
N2g3 Bc6 9. Be3 Nbd7 10. f3 Nd5 11. Bd2 N7f6 12. Be2 Qd7 13. b4 a6 14. c4 Nb6
15. O-O O-O 16. Be3 Nc8 17. Nxf6+ Bxf6 18. Nh5 Qe7 19. Qd2 Rd8 20. Nxf6+ Qxf6
21. d5 h6 22. Bd4 e5 23. Bc3 Ba4 24. f4 Qb6+ 25. c5 Qg6 26. fxe5 Ne7 27. d6 cxd6
28. exd6 Nc6 29. Rf3 f6 30. Rg3 Qf7 31. Rf1 1-0

[Event "French Top 12 2013"]
[Site "Haguenau FRA"]
[Date "2013.06.01"]
[Round "3.7"]
[White "Tranchant, Sebastien"]
[Black "Vernay, Clovis"]
[Result "0-1"]
[BlackTitle "IM"]
[WhiteElo "2258"]
[BlackElo "2434"]
[WhiteTeam "Migne Echecs"]
[BlackTeam "L'Echiquier Chalonnais"]
[WhiteFideId "626732"]
[BlackFideId "633046"]
[EventDate "2013.05.30"]

1. d4 d5 2. c4 c6 3. Nf3 Nf6 4. Qc2 g6 5. Bf4 Bg7 6. e3 O-O 7. Nc3 Qa5 8. Be2
dxc4 9. Bxc4 b5 10. Bb3 c5 11. dxc5 Bf5 12. Qe2 Ne4 13. O-O Nxc3 14. bxc3 Bxc3
15. Bd5 Na6 16. Bxa8 Bxa1 17. Rxa1 Rxa8 18. Rc1 Rc8 19. c6 Nb4 20. Nd4 Qa3 21.
Rd1 Bd3 22. Qg4 f5 23. Qg5 Nxc6 24. h4 Kf7 25. Qh6 Nxd4 26. Qxh7+ Ke6 27. Qxg6+
Kd7 28. exd4 Qxa2 29. Re1 Rg8 30. Qh7 Be4 31. Bg5 Rxg5 32. hxg5 Qd2 33. Re3 Qd1+
34. Kh2 Qxd4 35. Qh3 Qe5+ 36. Kg1 Qa1+ 37. Kh2 Qe5+ 38. Rg3 b4 39. g6 b3 40. g7
b2 41. g8=Q b1=Q 42. Qh5 Qb6 43. Qhe8+ Kd6 44. f4 Qxf4 45. Qgg6+ Kd5 46. Qd7+
Qfd6 47. Qge6+ Kc5 48. Qexe7 a6 49. Kh3 Qxe7 50. Qxe7+ Kd5 51. Qg7 Qb1 52. Qd7+
Ke5 53. Qc7+ Kd5 54. Kh2 Qb5 55. Rg6 Qc5 56. Qb7+ Kc4 57. Qxa6+ Kd5 58. Qa2+ Kd4
59. Qd2+ Kc4 60. Qf4 Qd4 61. Rd6 Qh8+ 62. Rh6 Qb2 63. Qc7+ Kd3 64. Rh3+ Ke2 65.
Qc4+ Ke1 66. Re3+ Kf2 67. Qc5 Kf1 68. Rxe4 Qxg2# 0-1

[Event "French Top 12 2013"]
[Site "Haguenau FRA"]
[Date "2013.06.01"]
[Round "3.8"]
[White "Benmesbah, Natacha"]
[Black "Le Bail, Clara"]
[Result "1-0"]
[WhiteTitle "WIM"]
[WhiteElo "2237"]
[BlackElo "1969"]
[WhiteTeam "L'Echiquier Chalonnais"]
[BlackTeam "Migne Echecs"]
[WhiteFideId "642002"]
[BlackFideId "648167"]
[EventDate "2013.05.30"]

1. e4 e6 2. d4 d5 3. Nc3 Nf6 4. Bg5 dxe4 5. Nxe4 Be7 6. Nxf6+ Bxf6 7. Bxf6 Qxf6
8. Nf3 O-O 9. Bd3 c5 10. O-O cxd4 11. Nxd4 Rd8 12. Nb5 Nc6 13. Qh5 g6 14. Qc5
Qe7 15. Qe3 Bd7 16. a3 a6 17. Nc3 Rac8 18. Rfe1 Be8 19. f4 Nd4 20. Rad1 Bc6 21.
Qe5 Qf8 22. Qe3 Qg7 23. Be4 Bxe4 24. Qxe4 Qf6 25. Rf1 Nc6 26. Qe3 Rd4 27. Ne4
Qd8 28. Rde1 Na5 29. c3 Rd3 30. Qe2 Rd5 31. Rd1 Kf8 32. Rxd5 Qxd5 33. Rd1 Qc6
34. Nf6 h5 35. Nd7+ Ke8 36. Qe5 Nc4 37. Qh8+ Ke7 38. Qf6+ Ke8 39. Qd4 Nxb2 40.
Qh8+ Ke7 41. Qf6+ Ke8 42. Ne5 Qc5+ 43. Rd4 Qe7 44. Qg7 Qf8 45. Qh7 Rxc3 46. Nxg6
fxg6 47. Qd7# 1-0

[Event "French Top 12 2013"]
[Site "Haguenau FRA"]
[Date "2013.06.01"]
[Round "3.2"]
[White "Rozentalis, Eduardas"]
[Black "Pelletier, Yannick"]
[Result "1/2-1/2"]
[WhiteTitle "GM"]
[BlackTitle "GM"]
[WhiteElo "2611"]
[BlackElo "2599"]
[WhiteTeam "C.E. Strasbourg"]
[BlackTeam "Clichy-Echecs-92"]
[WhiteFideId "12800023"]
[BlackFideId "1301837"]
[EventDate "2013.05.30"]

1. e4 e6 2. d4 d5 3. Nd2 dxe4 4. Nxe4 Nd7 5. g3 Be7 6. Bg2 Ngf6 7. Nxf6+ Bxf6 8.
Ne2 O-O 9. O-O e5 10. d5 Be7 11. f4 Re8 12. f5 e4 13. Be3 Nf6 14. c4 c6 15. dxc6
Qc7 16. Nc3 Qxc6 17. Qe2 Bc5 18. Rad1 Qb6 19. Rde1 Re5 20. Bh3 h5 21. Kh1 1/2-1/2

[Event "French Top 12 2013"]
[Site "Haguenau FRA"]
[Date "2013.06.01"]
[Round "3.3"]
[White "Fressinet, Laurent"]
[Black "Vaisser, Anatoly"]
[Result "1/2-1/2"]
[WhiteTitle "GM"]
[BlackTitle "GM"]
[WhiteElo "2693"]
[BlackElo "2548"]
[WhiteTeam "Clichy-Echecs-92"]
[BlackTeam "C.E. Strasbourg"]
[WhiteFideId "608742"]
[BlackFideId "603252"]
[EventDate "2013.05.30"]

1. Nf3 f5 2. d3 d6 3. e4 e5 4. Nc3 c5 5. g3 Be7 6. Bh3 fxe4 7. Bxc8 Qxc8 8. dxe4
Nf6 9. Bg5 O-O 10. Nh4 g6 11. Nd5 Qd8 12. Bxf6 Bxf6 13. Ng2 Nc6 14. c3 Qd7 15.
h4 Rf7 16. Nge3 Raf8 17. Qg4 Bd8 18. h5 Qxg4 19. Nxg4 Kg7 20. Ke2 Ne7 21. Nde3
g5 22. a4 Bc7 23. Rhd1 Ng8 24. Nf5+ Rxf5 25. exf5 Rxf5 26. b4 cxb4 27. cxb4 Ne7
28. Rac1 Bb8 29. b5 Rf8 30. Ne3 Kf7 31. Nd5 Nxd5 32. Rxd5 Ke6 33. Rd3 d5 34.
Rdc3 Bd6 35. Rc8 Rf7 36. Re8+ Kf5 37. Rd8 Ke6 38. Rg8 Kf5 39. a5 d4 40. h6 Bf8
41. Kd3 Bxh6 42. Rgc8 Kg4 43. R1c7 Rxf2 44. Rxb7 Rf3+ 45. Ke4 Re3+ 46. Kd5 d3
47. Ke6 e4 48. Rd8 Re1 49. Rxa7 Rb1 50. b6 e3 51. Rd4+ Kh3 52. Rxd3 e2 53. Re3
e1=Q 54. Rxe1 Rxe1+ 55. Kd5 Rd1+ 56. Kc4 Rc1+ 57. Kd5 Rd1+ 58. Ke6 Re1+ 59. Kf5
Rf1+ 60. Ke4 Bf8 61. Rxh7+ Kxg3 62. a6 Bc5 63. b7 Ba7 64. Rh8 Rf6 65. Ra8 Rxa6
66. b8=Q+ Bxb8 67. Rxa6 Bf4 68. Rg6 Bc1 69. Rxg5+ Bxg5 1/2-1/2